Desarrollo y coaching de mujeres líderes (Registro nro. 11165)
[ vista simple ]
| 000 -CABECERA | |
|---|---|
| campo de control de longitud fija | 00745ntm a22002777a 4500 |
| 005 - FECHA Y HORA DE ACTUALIZACIÓN | |
| campo de control | 20220505084821.0 |
| 008 - LONGITUD FIJA | |
| campo de control de longitud fija | 180925b xxu||||| |||| 00| 0 spa d |
| 020 ## - INTERNATIONAL STANDARD BOOK NUMBER | |
| Número Internacional Estándar del Libro | 9789506417857 |
| 041 ## - IDIOMA | |
| Código de idioma del texto/pista de sonido o título separado | |
| 082 ## - CLASIFICACIÓN DECIMAL DEWEY | |
| Número de clasificación | 658.409.2 G125d |
| 100 ## - AUTOR PERSONAL | |
| Nombre de persona | Gadow, Fabiana |
| 245 ## - TÍTULO PROPIAMENTE DICHO | |
| Título | Desarrollo y coaching de mujeres líderes |
| 260 ## - PIE DE IMPRENTA | |
| Lugar de publicación, distribución, etc. | Argentina |
| 260 ## - PIE DE IMPRENTA | |
| Nombre del editor, distribuidor, etc. | Granica |
| 260 ## - PIE DE IMPRENTA | |
| Fecha de publicación, distribución, etc. | 2015 |
| 300 ## - DESCRIPCIÓN FÍSICA | |
| Extensión | 276 páginas |
| 650 ## - Materia General | |
| Materia general | COACHING |
| 650 ## - Materia General | |
| Materia general | LIDERAZGO |
| 650 ## - Materia General | |
| Materia general | DIVERSIDAD INCLUSIVA |
| 650 ## - Materia General | |
| Materia general | TRABAJO DOMÉSTICO |
| 650 ## - Materia General | |
| Materia general | FEMINISMO |
| 650 ## - Materia General | |
| Materia general | GERENCIAMIENTO |
| 650 ## - Materia General | |
| Materia general | LICENCIA POR MATERNIDAD |
| 650 ## - Materia General | |
| Materia general | REINCORPORACIÓN LABORAL |
| 942 ## - Punto de Acceso Adicional Koha | |
| Tipo de ítem Koha | Libro |
| Estado perdido | Estado dañado | No para préstamo | Biblioteca permanente | Biblioteca actual | Signatura completa | Código de barras | Tipo de ítem |
|---|---|---|---|---|---|---|---|
| Departamento de Biblioteca y Documentación Alfonso Chase Brenes | Departamento de Biblioteca y Documentación Alfonso Chase Brenes | 658.409.2 G125d | 23583 | Libro |